000 00297nam a2200121Ia 4500
008 190216s9999||||xx |||||||||||||| ||und||
100 _aMuthukulam Gangadharan Pillai
245 0 _aEmployment Exchange
260 _bNational Book Stall
_c1971
300 _a77p
650 _aKavithkal
942 _cBK
999 _c24922
_d24922